Loading...
| History - European History | 0 | 7 | 0 | 1 | 70 | 44 | 79.29 | 1 | 3 |
| Geography | 0 | 5 | 1 | 0 | 45 | 54 | 86.40 | 1 | 2 |
| History - World History | 0 | 5 | 1 | 0 | 45 | 77 | 103.00 | 0 | 0 |
| Current Events | 0 | 4 | 0 | 0 | 40 | 43 | 85.25 | 0 | 1 |
| Any History | 0 | 5 | 2 | 2 | 40 | 83 | 110.00 | 1 | 1 |
| History - American History | 0 | 5 | 3 | 1 | 35 | 83 | 113.00 | 0 | 0 |
| Other Academic | 0 | 3 | 0 | 1 | 30 | 98 | 113.33 | 0 | 0 |
| Social Science | 0 | 2 | 0 | 1 | 20 | 132 | 138.50 | 0 | 0 |
| Religion | 0 | 3 | 2 | 0 | 20 | 85 | 96.33 | 0 | 0 |
| Painting & Sculpture | 0 | 1 | 0 | 0 | 10 | 115 | 115.00 | 0 | 0 |
| Philosophy | 0 | 1 | 0 | 0 | 10 | 121 | 121.00 | 0 | 0 |
| Fine Arts - Classical Music | 0 | 1 | 0 | 0 | 10 | 126 | 126.00 | 0 | 0 |
| Mythology | 0 | 1 | 1 | 0 | 5 | 129 | 129.00 | 0 | 0 |
| Literature - British Literature | 0 | 0 | 0 | 0 | 0 | 0.00 | 0 | 0 | |
| Science - Other Science | 0 | 0 | 1 | 0 | -5 | 0.00 | 0 | 0 |